Agriculture, diversification, and gender in rural Africa (Record no. 133755)

MARC details
000 -LEADER
fixed length control field 01058nam a2200277Ia 4500
003 - CONTROL NUMBER IDENTIFIER
control field OSt
005 - DATE AND TIME OF LATEST TRANSACTION
control field 20220918170342.0
008 - FIXED-LENGTH DATA ELEMENTS--GENERAL INFORMATION
fixed length control field 220917b |||||||| |||| 00| 0 eng d
020 ## - INTERNATIONAL STANDARD BOOK NUMBER
International Standard Book Number 9780198799290 (pbk)
037 ## - SOURCE OF ACQUISITION
Terms of availability Textual
040 ## - CATALOGING SOURCE
Original cataloging agency ARTS
Transcribing agency ARTS
Language of cataloging eng
041 ## - LANGUAGE CODE
Source of code eng
Language code of text/sound track or separate title eng
100 ## - MAIN ENTRY--PERSONAL NAME
Personal name Djurfeldt Agnes Andersson Ed.
9 (RLIN) 28498
245 #0 - TITLE STATEMENT
Title Agriculture, diversification, and gender in rural Africa
Remainder of title longitudinal perspectives from six countries
260 ## - PUBLICATION, DISTRIBUTION, ETC.
Place of publication, distribution, etc. Oxford
Name of publisher, distributor, etc. Oxford University Press UK
Date of publication, distribution, etc. 2018
300 ## - PHYSICAL DESCRIPTION
Extent xix,265p.
Dimensions cm.
650 ## - SUBJECT ADDED ENTRY--TOPICAL TERM
Topical term or geographic name entry element RURAL SOCIOLOGY - AFRICA
9 (RLIN) 28499
700 ## - ADDED ENTRY--PERSONAL NAME
Personal name Dzanku Fred Mawunyo Ed.
9 (RLIN) 28500
700 ## - ADDED ENTRY--PERSONAL NAME
Personal name Isinika Aida Cuthbert Ed.
9 (RLIN) 28501
942 ## - ADDED ENTRY ELEMENTS (KOHA)
Classification part Y15:3(J).6, Q8
Koha item type Textual
Source of classification or shelving scheme Colon Classification (CC)
Holdings
Withdrawn status Lost status Damaged status Not for loan Home library Current library Date acquired Source of acquisition Total Checkouts Full call number Barcode Date last seen Price effective from Koha item type
        Arts Library Arts Library 2022-09-18 8548, 24/01/2019, Efficient Book Distributors   Y15:3(J).6 Q8 AL1663057 2022-09-18 2022-09-18 Textual
Copyright @ Delhi University Library System